Catalog

Record Details

Catalog Search



Zimní pohádka  Cover Image Book Book

Zimní pohádka / William Shakespeare ; přeložil Martin Hilský

Record details

  • ISBN: 80-242-0598-X
  • ISBN: 80-86316-23-8
  • Physical Description: 133 s. ; 22 cm
  • Edition: V tomto souboru 1. vyd.
  • Publisher: Praha : Evropský literární klub : 2001

Content descriptions

General Note:
Ve společném ochranném obalu se svazky: Cymbelín, Bouře, Perikles
Subject: Shakespeare, William, 1564-1616
anglické drama > 16.-17. století
English drama > 17th century
Genre: anglická dramata
sebrané spisy
Literary collections
English drama

Available copies

  • 1 of 1 copy available at Common Catalog SPOK.

Holds

  • 0 current holds with 1 total copy.
Show All Copies
Location Call Number / Copy Notes Barcode Shelving Location Status Due Date
KDS Library 820 DH ShW 204576801625 Library Available -

LDR 01931nam a2200469 a 4500
00121259
003CZ-PrJAB
00520150714063902.0
007tu
008020114s2001 xr e 000 d cze
015 . ‡acnb001034250
020 . ‡a80-242-0598-X ‡q(Euromedia Group - Knižní klub : ‡qváz.)
020 . ‡a80-86316-23-8 ‡q(Evropský literární klub : ‡qváz.) ‡z80-86316-20-3
035 . ‡a(CZ PrNK)cpk20011034250
035 . ‡a(OCoLC)50346568
040 . ‡aABA001 ‡bcze
0411 . ‡acze ‡heng
043 . ‡ae-uk-en
045 . ‡at9u2
072 7. ‡a821.111-2 ‡xAnglické drama, anglicky psané ‡2Konspekt ‡925
080 . ‡a821.111-2 ‡2MRF
080 . ‡a(082.21) ‡2MRF
1001 . ‡aShakespeare, William, ‡d1564-1616 ‡7jn19981002129 ‡4aut
24010. ‡aWinter's tale. ‡lČesky
24510. ‡aZimní pohádka / ‡cWilliam Shakespeare ; přeložil Martin Hilský
250 . ‡aV tomto souboru 1. vyd.
260 . ‡aPraha : ‡bEvropský literární klub : ‡bEuromedia Group - Knižní klub, ‡c2001
300 . ‡a133 s. ; ‡c22 cm
4901 . ‡aSouborné dílo Williama Shakespeara v překladu Martina Hilského ; ‡vsv. 11
500 . ‡aVe společném ochranném obalu se svazky: Cymbelín, Bouře, Perikles
60017. ‡aShakespeare, William, ‡d1564-1616 ‡7jn19981002129 ‡2czenas
648 7. ‡a16.-17. století ‡7ch757028 ‡2czenas
65007. ‡aanglické drama ‡7ph114054 ‡y16.-17. století ‡2czenas
65009. ‡aEnglish drama ‡y17th century ‡2eczenas
655 7. ‡aanglická dramata ‡7fd131806 ‡2czenas
655 7. ‡asebrané spisy ‡7fd133355 ‡2czenas
655 9. ‡aLiterary collections ‡2eczenas
655 9. ‡aEnglish drama ‡2eczenas
7001 . ‡aHilský, Martin, ‡d1943- ‡7jk01041063 ‡4trl
830 0. ‡aSouborné dílo (William Shakespeare)
910 . ‡aABE463
998 . ‡a001034250
901 . ‡a21259 ‡b ‡c21259 ‡tbiblio

Additional Resources